| 000 | 01815cam a2200373 i 4500 | ||
|---|---|---|---|
| 001 | 18159137 | ||
| 003 | EG-ScBUE | ||
| 005 | 20230406112759.0 | ||
| 008 | 140521t2015 njua f b 001 0 eng d | ||
| 020 | _a9781118745083 (paperback) | ||
| 040 |
_aDLC _beng _erda _cDLC _dDLC _dEG-ScBUE |
||
| 082 | 0 | 4 |
_a720.1 _222 _bCHI |
| 100 | 1 |
_aChing, Francis D. K., _d1943- _eauthor. |
|
| 245 | 1 | 0 |
_aArchitecture : _bform, space, & order / _cFrancis D.K. Ching. |
| 246 | 3 |
_aArchitecture : _bform, space, and order |
|
| 250 | _aFourth edition. | ||
| 264 | 1 |
_aHoboken, New Jersey : _bWiley, _c2015. |
|
| 264 | 4 | _cc2015 | |
| 300 |
_axiv, 447 pages : _billustrations ; _c28 cm |
||
| 336 |
_atext _2rdacontent _btxt |
||
| 337 |
_aunmediated _2rdamedia _bn |
||
| 338 |
_avolume _2rdacarrier _bnc |
||
| 504 | _aIncludes bibliographical references and index. | ||
| 520 |
_a"This is an introduction to the basic vocabulary of architectural design, updated with new information on emerging trends and recent developments. The book is a visual reference that helps both students and professionals understand the vocabulary of architectural design by examining how space and form are ordered in the environment"-- _cProvided by publisher. |
||
| 650 | 7 |
_aArchitecture _xComposition, proportion, etc. _2BUEsh |
|
| 650 | 7 |
_aSpace (Architecture) _2BUEsh |
|
| 653 |
_bART _cApril2023 |
||
| 655 | _vReading book | ||
| 776 | 0 | 8 |
_iOnline version: _aChing, Frank, 1943- _tArchitecture _bFourth edition. _dHoboken, New Jersey : Wiley, 2014 _z9781118745199 _w(DLC) 2014021603 |
| 856 | 4 | 2 |
_3Cover image _uhttp://catalogimages.wiley.com/images/db/jimages/9781118745083.jpg |
| 906 |
_a7 _bcbc _corignew _d1 _eecip _f20 _gy-gencatlg |
||
| 942 |
_2ddc _cBB |
||
| 999 |
_c30288 _d30259 |
||